| 000 | 00937cam a2200205 4500 | ||
|---|---|---|---|
| 001 | WB3921-22 | ||
| 008 | 030604n2003 000 0 eng u | ||
| 035 | _a(Sirsi) u122519 | ||
| 245 | _aRICS warns on GM crops debate | ||
| 260 | _c2003 | ||
| 490 |
_aRICS Press Release _v(pr054) 2 June 2003 (2) |
||
| 520 | _aRICS has warned that the register of where genetically modified crops are being grown, to be drawn up under EC directive 2001/18/EC, may cause countrywide chaos unless it is properly maintained. It calls for the careful management of such information and itswidespread availability via the internet. http://www.rics.org/ricscms/bin/show?class=PressRelease&template=/includes/showpr.html&id=935&faculty=Rural&faculty=All%20Faculties. | ||
| 590 | _aWB | ||
| 650 | _aGENETICALLY MODIFIED CROPS | ||
| 650 | _aDIRECTIVE 01/18/EC | ||
| 650 | _aFARMING | ||
| 650 | _aORGANIC FARMING | ||
| 690 |
_aRural _96268 |
||
| 942 | _n0 | ||
| 999 |
_c72821 _d72821 |
||